|
|
|
|
| LEADER |
00962nam a2200253 a 4500 |
| 001 |
3567561 |
| 008 |
120703r20001998enka b 001 0 eng d |
| 010 |
|
|
|a 98145596
|
| 020 |
|
|
|a 0761956549
|
| 020 |
|
|
|a 0761956557 (pbk.)
|
| 020 |
|
|
|a 9780761956549
|
| 020 |
|
|
|a 9780761956556
|
| 040 |
|
|
|a DLC
|c DLC
|d DLC
|d BD-DhAAL
|
| 082 |
0 |
0 |
|a 140
|2 21
|
| 100 |
1 |
|
|a Dijk, Teun Adrianus van,
|d 1943-
|
| 245 |
1 |
0 |
|a Ideology :
|b a multidisciplinary approach /
|c Teun A. van Dijk.
|
| 260 |
|
|
|a London ;
|a Thousand Oaks, Calif. :
|b Sage Publications,
|c 1998.[Reprinted 2000]
|
| 300 |
|
|
|a x, 374 p. :
|b ill. ;
|c 24 cm.
|
| 504 |
|
|
|a Includes bibliographical references (p. [341]-365) and index.
|
| 541 |
|
|
|a 00025540
|
| 650 |
|
0 |
|a Ideology.
|
| 852 |
1 |
|
|a Ayesha Abed Library
|j General shelf
|
| 999 |
|
|
|c 12471
|d 12471
|
| 952 |
|
|
|0 0
|1 0
|4 0
|6 140_DIJ
|7 0
|9 20626
|a BRACUL
|b BRACUL
|c GEN
|d 2012-07-03
|e Karim International
|g 4800.00
|l 4
|m 19
|o 140 DIJ
|p 3010025540
|r 2025-07-22
|s 2025-06-25
|t 1
|w 2012-07-04
|y BK
|